<?xml version="1.0" encoding="UTF-8"?>
<record
    xmlns:xsi="http://www.w3.org/2001/XMLSchema-instance"
    xsi:schemaLocation="http://www.loc.gov/MARC21/slim http://www.loc.gov/standards/marcxml/schema/MARC21slim.xsd"
    xmlns="http://www.loc.gov/MARC21/slim">

  <leader>00423nam a2200157Ia 4500</leader>
  <controlfield tag="008">230718s9999    xx            000 0 und d</controlfield>
  <datafield tag="041" ind1=" " ind2=" ">
    <subfield code="a">eng</subfield>
  </datafield>
  <datafield tag="082" ind1=" " ind2=" ">
    <subfield code="a">530</subfield>
    <subfield code="b">HAL</subfield>
  </datafield>
  <datafield tag="100" ind1=" " ind2=" ">
    <subfield code="a">Halpern A.</subfield>
    <subfield code="9">161135</subfield>
  </datafield>
  <datafield tag="245" ind1=" " ind2=" ">
    <subfield code="a">Schaums Outlines 3000 Solved Problems In Physics</subfield>
  </datafield>
  <datafield tag="260" ind1=" " ind2=" ">
    <subfield code="b">Tata Mc-graw Hill Pub.</subfield>
  </datafield>
  <datafield tag="300" ind1=" " ind2=" ">
    <subfield code="a">475</subfield>
  </datafield>
  <datafield tag="365" ind1=" " ind2=" ">
    <subfield code="c">Rs.</subfield>
    <subfield code="b">385.00</subfield>
  </datafield>
  <datafield tag="700" ind1=" " ind2=" ">
    <subfield code="a">Halpern A.</subfield>
    <subfield code="9">161135</subfield>
  </datafield>
  <datafield tag="906" ind1=" " ind2=" ">
    <subfield code="d">B:451120-Aug-2008</subfield>
    <subfield code="c">ALLEDS</subfield>
    <subfield code="b">77</subfield>
  </datafield>
  <datafield tag="999" ind1=" " ind2=" ">
    <subfield code="c">319427</subfield>
    <subfield code="d">319427</subfield>
  </datafield>
  <datafield tag="952" ind1=" " ind2=" ">
    <subfield code="0">0</subfield>
    <subfield code="1">0</subfield>
    <subfield code="4">0</subfield>
    <subfield code="7">0</subfield>
    <subfield code="a">CCEP</subfield>
    <subfield code="b">CCEP</subfield>
    <subfield code="d">2008-10-11</subfield>
    <subfield code="e">Varma Book Distributors</subfield>
    <subfield code="f">ALLEDS</subfield>
    <subfield code="g">308.00</subfield>
    <subfield code="i">4511</subfield>
    <subfield code="l">4</subfield>
    <subfield code="o">530</subfield>
    <subfield code="p">CCEP-BK-30634</subfield>
    <subfield code="r">2026-01-07 17:08:24</subfield>
    <subfield code="s">2025-12-12</subfield>
    <subfield code="t">77</subfield>
    <subfield code="v">385.00</subfield>
    <subfield code="w">2008-08-20</subfield>
    <subfield code="y">BK</subfield>
    <subfield code="z">030634</subfield>
  </datafield>
</record>
